000 00863nam#a22003015a#4500
001 645
008 071220s2007####ag#a###d#f####|01#||spa#d
245 1 0 _aHistoria Es. 2 /
_cPaula Graciela Bruno.
250 _a1ª ed.
260 _aBuenos Aires :
_bTinta Fresca,
_c2007.
300 _a176 p. :
_bil. ;
_c27 cm.
020 _a9789875761698
100 1 _aBruno, Paula Graciela.
080 _a93"14"
084 _aB85
653 _aExpansión europea
653 _aPueblos originarios de América
653 _aConquista y colonización de América
653 _aSistema colonial en América
653 _aAmérica en el mundo
653 _aColonización de América
653 _aSociedad colonial
653 _aCambios y continuidades en América Latina
040 _aAR-ClEAG
_cAR-ClEAG
005 20241107184642.0
003 AR-ClEAG
942 _cBK
999 _c645
_d645
980 _62
_aEvangelina Gallicchio
_82
_gEvangelina Gallicchio